| 000 | 00541nam a22001457a 4500 | ||
|---|---|---|---|
| 999 |
_c130843 _d130843 |
||
| 005 | 20230525095322.0 | ||
| 008 | 230525b ||||| |||| 00| 0 eng d | ||
| 040 | _cPK-LaUMT | ||
| 082 |
_a348.5491 _bRAT-A |
||
| 100 | _aRatnam, T W. Raja = رتنم، ٹی ڈبلیو راجہ | ||
| 245 |
_aAdliya ka bohran = عدلیہ کا بحران / _cby T. W. Raja Ratnam = از ٹی ڈبلیو راجہ رتنم; translated by Sattar Tahir = مترجم : ستار طاہر |
||
| 260 |
_aLahore : _bClassic, _c1989 |
||
| 300 | _a167 p. | ||
| 942 | _cBK | ||